00725 a2200205 4500010001400000020002600014035001300040037001500053082001300068090001500081245009100096260004600187270004600233300002700279500001900306700001400325942002800339999001500367952013700382 aENG-88524 c520.00a9788184500059 aEN-72057 bDBAD / PUB14a362.2883 c8792d87921 aFarmers suicide in India:cedited by Gyanmudrabdynamics and strategies of prevention/ aNew DelhibDeep & Deep Publicationsc2007 aF-159, Rajouri GardenbNew Delhie110 027 axiv, 170p.c22cm (Hb) aIncludes index aGyanmudra adplcENk362.2883 / FAR c8632d8632 00102ddc40718NFICaDBADbDBADeDBAD/PUBg520.00l0o362.2883 FARpEN-72057r2008-09-15 00:00:00t1u9573v520.00w2008-09-15yEN